000
00314nam a22001337a 4500
008
181101b xxu||||| |||| 00| 0 eng d
020
_a
0815129963
041
_a
eng
080
_a
610
100
_a
3
101
_a
SHM
245
_a
Office Technique For Diagnosis Skin Disease
_c
PARISEr.D.M
942
_2
udc
_c
BK
999
_c
51376
_d
51376